000 00576cam a2200193 4500
001 45506
090 _a45506
100 _a19990108d1941 m y0pory50030103ba
101 0 _apor
102 _aPT
200 1 _aA China antiga e moderna
_fJosé de Freitas
210 9 _aLisboa
_cEdições Cosmos,
_d1941
215 _a113, [15] p.
_cil.
_d19 cm
225 2 _aBiblioteca Cosmos
_v5.
_h4.ª seccão.
_iPovos e civilizacões. As principais potências do século Xx
_v1
317 _aBiblioteca Jorge de Sena
675 _a94(510)
700 1 _aFreitas,
_bJosé de
801 0 _aPT
_bBN
_gRPC
990 _cLIVROS